Normal view
MARC view
Entry Uniform Title
001 - CONTROL NUMBER
- control field: 17664
003 - CONTROL NUMBER IDENTIFIER
- control field: BD-RjUL
005 - DATE AND TIME OF LATEST TRANSACTION
- control field: 20260129114716.0
008 - FIXED-LENGTH DATA ELEMENTS
- fixed length control field: 260129|| aca||aabn | a|a d
040 ## - CATALOGING SOURCE
- Original cataloging agency: BD-RjUL
- Transcribing agency: BD-RjUL
130 ## - HEADING--UNIFORM TITLE
- Uniform title: Asiatic Society of Bangladesh publication
670 ## - SOURCE DATA FOUND
- Source citation: Work cat.: (BD-RjUL)64158: Abdul Karim Sahitya-Visarad commemoration volume :, 1972.